Star Wars - Clone Wars - Statistics

General Stats
  • This quiz has been taken 69 times
  • The average score is 11 of 20
Answer Stats
Hint Answer % Correct
Who is Anakin's padawan? Ahsoka Tano
95%
Who was the Jedi in the first episode of the first season? Yoda
90%
Which bounty hunter took over the Senate? Cad Bane
86%
Who is Darth Maul's brother? Savage Opress
86%
Who discovered Ahsoka Tano? Plo Koon
85%
Who was Obi Wan's lover? Satine
85%
Who captured Count Dooku, Obi Wan, and Anakin? Hondo
75%
What planet was said lover ruler of? Mandalore
71%
Who is Anakin's commanding officer? Rex
59%
Who killed Darth Maul's brother? Darth Sidious
56%
Who tricked the clones into fighting eachother? Pong Krell
56%
What planet do Jedis get their kyber crystals? Ilum
46%
Which Jedi died in Greivous' lair? Nahdar Vebb
36%
What was General Greivous' warship called? Malevolence
34%
What group tried to separate from the Galactic Republic Separatists
32%
What Bounty Hunter did Obi Wan impersonate? Rako Hardeen
31%
Who's the clone that helped the droid Squad escape? Gregor
29%
On what planet were the embodiments of the force? Mortis
29%
What planet did Asajj Ventress come from? Dathomire
12%
Who did the Jedi rescue from the "Citadel" Master Piell
7%
No matching quizzes found
Score Distribution
Percent of People with Each Score
Percentile by Number Answered
Your Score History
You have not taken this quiz